00273nam a2200109Ia 4500008004100000082001600041100002500057245003400082260002300116300000800139650001600147191201s2005 xx 000 0 und d a005.43bSID aSINHA, Pradeep Kumar 0aDistributed Operating Systems aN.DelhibPHIc2005 a743 aB.Tech(CSE)